000 00693nam a2200229 i 4500
001 C2-0175051
003 PPAK
005 20180728094541.0
008 980926s1984 my |||| ||||| | may d
040 _aPPAK
_beng
_cPPAK
_erda
082 0 4 _a899.231
_2 23
090 0 0 _a899.231
_bGEM
_dKIH
090 0 0 _a899.231
_bGEM
_dKSA
245 0 0 _aGema membelah gema :
_bantologi puisi Hari Puisi Nasional Kesembilan
264 1 _aKuching, Sarawak :
_bJawatankuasa Penyelenggara Hari Puisi Nasional Kesembilan ,
_c1984
300 _a75 pages ;
_c21 cm
336 _2rdacontent
_atext
337 _2rdamedia
_aunmediated
338 _2rdacarrier
_avolume
650 1 0 _aMalay poetry
942 _ddc
_cB
999 _c155386
_d155386